Statistiken für Die 5 größten Städte nach Bundesland

Klicken Sie hier um das Quiz zu spielen!

Allgemein

  • Dieses Quiz wurde 357 mal gespielt
  • Das Durchschnittsergebnis liegt bei 49 aus 69

Antwortstatistiken

Einwohner% Korrekt
Hamburg1.900.000Hamburg
99%
Hessen760.000Frankfurt am Main
98%
Brandenburg56.000Frankfurt an der Oder
98%
Baden-Württemberg627.000Stuttgart
98%
Berlin3.700.000Berlin
97%
Bremen563.000Bremen
97%
Bremen113.000Bremerhaven
97%
Nordrhein-Westfalen1.100.000Köln
97%
Bayern1.500.000München
97%
Nordrhein-Westfalen620.000Düsseldorf
96%
Sachsen600.000Leipzig
96%
Sachsen555.000Dresden
95%
Niedersachsen535.000Hannover
94%
Nordrhein-Westfalen586.000Dortmund
93%
Schleswig-Holstein246.000Kiel
93%
Rheinland-Pfalz217.000Mainz
93%
Bayern511.000Nürnberg
92%
Saarland179.000Saarbrücken
92%
Brandenburg183.000Potsdam
91%
Thüringen213.000Erfurt
90%
Nordrhein-Westfalen580.000Essen
90%
Mecklenburg-Vorpommern208.000Rostock
89%
Mecklenburg-Vorpommern95.000Schwerin
88%
Bayern297.000Augsburg
87%
Baden-Württemberg231.000Freiburg
87%
Hessen278.000Wiesbaden
87%
Sachsen-Anhalt236.000Magdeburg
85%
Baden-Württemberg311.000Mannheim
85%
Sachsen244.000Chemnitz
84%
Baden-Württemberg307.000Karlsruhe
82%
Thüringen109.000Jena
81%
Hessen200.000Kassel
79%
Niedersachsen248.000Braunschweig
78%
Schleswig-Holstein91.000Flensburg
78%
Sachsen-Anhalt238.000Halle
77%
Niedersachsen123.000Wolfsburg
77%
Nordrhein-Westfalen495.000Duisburg
76%
Bayern153.000Regensburg
76%
Bayern139.000Ingolstadt
75%
Schleswig-Holstein216.000Lübeck
74%
Brandenburg98.000Cottbus
72%
Rheinland-Pfalz113.000Koblenz
70%
Niedersachsen170.000Oldenburg
69%
Thüringen92.000Gera
68%
Brandenburg72.000Brandenburg
67%
Baden-Württemberg159.000Heidelberg
67%
Rheinland-Pfalz100.000Kaiserslautern
66%
Hessen160.000Darmstadt
65%
Rheinland-Pfalz110.000Trier
65%
Niedersachsen165.000Osnabrück
64%
Hessen131.000Offenbach
61%
Rheinland-Pfalz172.000Ludwigshafen
57%
Sachsen86.000Zwickau
57%
Mecklenburg-Vorpommern60.000Greifswald
51%
Mecklenburg-Vorpommern63.000Neubrandenburg
49%
Thüringen65.000Weimar
49%
Sachsen-Anhalt78.000Dessau-Roßlau
48%
Mecklenburg-Vorpommern59.000Stralsund
47%
Saarland42.000Homburg
45%
Saarland46.000Neunkirchen
39%
Schleswig-Holstein79.000Neumünster
36%
Thüringen45.000Gotha
34%
Sachsen63.000Plauen
32%
Saarland40.000Völklingen
24%
Schleswig-Holstein80.000Norderstedt
22%
Brandenburg46.000Oranienburg
20%
Saarland34.000Sankt Ingbert
16%
Sachsen-Anhalt39.000Weißenfels
10%
Sachsen-Anhalt44.000Lutherstadt Wittenberg
9%

Verteilung der Resultate

Perzentil nach korrekt beantworteten Fragen

Anzahl Personen mit jedem Resultat

Ihre Resultats-Entwicklung

Sie haben dieses Quiz noch nicht gespielt